| 000 | 00613nam a22002057a 4500 | ||
|---|---|---|---|
| 003 | OSt | ||
| 005 | 20131126175925.0 | ||
| 008 | 130417s2010 fr ||||| |||| 00| 0 fre d | ||
| 020 | _a9782351130605 | ||
| 040 | _cCDMR | ||
| 100 | 1 |
_93206 _aWhite, Aidan |
|
| 245 | 1 | 0 |
_aVous dire la vérité _b: initiative pour un journalisme éthique _cAidan White |
| 260 |
_aParis _bVictoires Éditions _c2010 |
||
| 300 | _a259 p. | ||
| 650 | 0 | 4 |
_9983 _aÈtica periodística |
| 650 | 0 | 4 |
_91574 _aLlibertat d'informació |
| 650 | 0 | 4 |
_94396 _aDret i ètica |
| 710 | 2 |
_9997 _aInternational Federation of Journalists |
|
| 942 |
_2udc _cMON |
||
| 999 |
_c6104 _d6104 |
||